A carregar...
A Political geography of Africa
| Autor principal: | |
|---|---|
| Formato: | Printed Book |
| Idioma: | English |
| Publicado em: |
Cambridge, Cambridge university presds
1978
|
| Assuntos: |
| LEADER | 005280000a22001810004500 | ||
|---|---|---|---|
| 015 | |a M | ||
| 020 | |a 0-521-21764-4 | ||
| 041 | |a eng | ||
| 082 | |a 320.120 96 L8 | ||
| 100 | |a Boateng E A | ||
| 245 | |a A Political geography of Africa | ||
| 260 | |a Cambridge, Cambridge university presds | ||
| 260 | |c 1978 | ||
| 650 | |a Africa | ||
| 650 | |a Political geography | ||
| 942 | |c BK | ||
| 999 | |c 138073 |d 138069 | ||
| 952 | |0 0 |1 0 |4 0 |6 320_120000000000000_96_L8 |7 0 |9 136855 |a SIRP |b SIRP |d 2017-10-05 |l 0 |o 320.120 96 L8 |p SIRP03083 |r 2017-10-05 |w 2017-10-05 |y BK | ||